Catálogo público

Conejos para carne : organización, manejo, producción / (Record no. 164635)

MARC details
000 -CABECERA
campo de control de longitud fija 00674nam a2200217Ia 4500
001 - NÚMERO DE CONTROL
campo de control Z_1547
008 - DATOS DE LONGITUD FIJA--INFORMACIÓN GENERAL
campo de control de longitud fija 220113s1993 xx 000 0 und d
010 ## - NÚMERO DE CONTROL DE LA BIBLIOTECA DEL CONGRESO
Número de control de LC 164635
082 ## - NÚMERO DE LA CLASIFICACIÓN DECIMAL DEWEY
Número de clasificación 636.9 M3 REGISTRO REPETIDO (UTILIZAR FICHA PARA OTRO TÍTULO)
100 ## - ENTRADA PRINCIPAL--NOMBRE DE PERSONA
Nombre de persona Mayolas, Emilio de
9 (RLIN) 73263
245 ## - MENCIÓN DE TÍTULO
Título Conejos para carne : organización, manejo, producción /
Mención de responsabilidad, etc. por Emilio de Mayolas
260 ## - PUBLICACIÓN, DISTRIBUCIÓN, ETC.
Lugar de publicación, distribución, etc. Buenos Aires :
Nombre del editor, distribuidor, etc. Hemisferio Sur,
Fecha de publicación, distribución, etc. 1993
300 ## - DESCRIPCIÓN FÍSICA
Extensión 136 p. ; ilus
650 ## - PUNTO DE ACCESO ADICIONAL DE MATERIA--TÉRMINO DE MATERIA
Término de materia o nombre geográfico como elemento de entrada Carne de conejo I. t
9 (RLIN) 138688
650 ## - PUNTO DE ACCESO ADICIONAL DE MATERIA--TÉRMINO DE MATERIA
Término de materia o nombre geográfico como elemento de entrada Conejos
9 (RLIN) 26352
901 ## - ELEMENTOS DE DATOS A LOCAL LDA (RLIN)
a 636.9 M3 REGISTRO REPETIDO (UTILIZAR FICHA PARA OT
902 ## - ELEMENTOS DE DATOS B LOCAL, LDB (RLIN)
a M
910 ## - DATOS DE OPCIÓN DEL USUARIO (OCLC)
Datos de opción del usuario 1993
942 ## - ELEMENTOS DE PUNTO DE ACCESO ADICIONAL (KOHA)
Tipo de ítem Koha

No items available.